000 01027nam a22003257a 4500
003 CHAP
005 20220329134121.0
008 971013s1979 r 10010 d
010 _a15632
011 _a16604
035 _a20686
040 _cCHAP
090 _aFolleto 5664
111 0 0 _aGrupo Intergubernamental sobre Semillas Oelaginosas, Aceites y Grasas. Reunión (
_n13
_d: 1979
_c: Roma)
_950903
245 _aInforme
260 _aRoma :
_bFAO,
_c1979
300 _a25 p
490 _aFAO. CCP
_v; 79/3
590 _aBATCH-UPD
_b10
_c20130110
_lUCH01
_h0137
590 _aBATCH-UPD
_b10
_c20130110
_lUCH01
_h2128
590 _aBATCH-UPD
_b10
_c20130409
_lUCH01
_h2134
590 _aBATCH-UPD
_b10
_c20130914
_lUCH01
_h1552
590 _aCONVERSION
_b10
_c20130109
_lUCH01
_h1310
650 1 4 _aGrasas y aceites
_xMercadeo.
_950448
650 1 4 _aSemillas oleaginosas
_xMercadeo.
_9103950
830 0 _aFAO. CCP
_v; 79/3
_939464
901 _aBK
942 _cFOLL
949 _aFolleto 5664
_bBC
_cFAO
_d-48246
_eFAO1
_i20686
_mD
_si
999 _c15632
_d15632